| 000 | 00461nam a2200193Ia 4500 | ||
|---|---|---|---|
| 008 | 170918s9999 xx 000 0 und d | ||
| 020 | _a9780590470027 | ||
| 050 | _bS718 1995 | ||
| 100 | _aSoto, Gary | ||
| 245 | 4 | _aThe cat's meow / | |
| 245 | _cby Gary Soto ; illystrated by Joe Cepeda. | ||
| 260 | _aNew York : | ||
| 260 | _bScholastic, | ||
| 260 | _c1995 | ||
| 300 | _a78 pages : | ||
| 300 | _billustrations ; | ||
| 300 | _c19cm. | ||
| 500 | _a640 | ||
| 999 |
_c344181 _d344181 |
||